Meister-holtzschnitte aus vier Jahrhunderten (Record no. 2377)
[ view plain ]
| 000 -CABECERA | |
|---|---|
| campo de control de longitud fija | 00635nam a2200205 a 4500 |
| 001 - NÚMERO DE CONTROL | |
| campo de control | BRCA_2637 |
| 005 - FECHA Y HORA DE LA ÚLTIMA TRANSACCIÓN | |
| campo de control | 20190320203912.0 |
| 008 - DATOS DE LONGITUD FIJA--INFORMACIÓN GENERAL | |
| campo de control de longitud fija | 011208s1893----gw-a---###---#000-0#ger-u |
| 050 #4 - SIGNATURA TOPOGRÁFICA DE LA BIBLIOTECA DEL CONGRESO | |
| Número de clasificación | NE1030 |
| Número de documento/Ítem | .H57 1893 |
| 100 1# - ENTRADA PRINCIPAL--NOMBRE DE PERSONA | |
| Nombre de persona | Hirth, Georg |
| Fechas asociadas al nombre | 1841-1916 |
| 9 (RLIN) | 7503 |
| 245 10 - MENCIÓN DE TÍTULO | |
| Título | Meister-holtzschnitte aus vier Jahrhunderten |
| Mención de responsabilidad, etc. | hrsg. von Georg Hirth und Richard Muther. |
| 260 ## - PUBLICACIÓN, DISTRIBUCIÓN, ETC. | |
| Lugar de publicación, distribución, etc. | Munchen |
| Nombre del editor, distribuidor, etc. | G. Hirth |
| Fecha de publicación, distribución, etc. | 1893 |
| 300 ## - DESCRIPCIÓN FÍSICA | |
| Extensión | XLIV p. |
| Otras características físicas | il., 200 láminas |
| Dimensiones | 31 cm. |
| 500 ## - NOTA GENERAL | |
| Nota general | A82 |
| 650 14 - PUNTO DE ACCESO ADICIONAL DE MATERIA--TÉRMINO DE MATERIA | |
| Término de materia o nombre geográfico como elemento de entrada | Grabados en madera |
| 9 (RLIN) | 7504 |
| 650 14 - PUNTO DE ACCESO ADICIONAL DE MATERIA--TÉRMINO DE MATERIA | |
| Término de materia o nombre geográfico como elemento de entrada | Grabado en madera |
| Subdivisión general | Historia |
| 9 (RLIN) | 7363 |
| 700 1# - PUNTO DE ACCESO ADICIONAL--NOMBRE DE PERSONA | |
| Nombre de persona | Muther, Richard |
| Fechas asociadas al nombre | 1860-1909 |
| 9 (RLIN) | 7505 |
| 902 ## - CATALOGADOR | |
| Iniciales | GFM |
| 942 ## - ELEMENTOS DE PUNTO DE ACCESO ADICIONAL (KOHA) | |
| Fuente del sistema de clasificación o colocación | Library of Congress Classification |
| Tipo de ítem Koha | Libros |
| Estado de retiro | Estado de pérdida | Estado dañado | No para préstamo | Localización permanente | Ubicación/localización actual | Fecha de adquisición | Número de inventario | Total de préstamos | Signatura topográfica completa | Código de barras | Fecha visto por última vez | Precio válido a partir de | Tipo de ítem Koha |
|---|---|---|---|---|---|---|---|---|---|---|---|---|---|
| El ejemplar forma parte de la colección y puede ser consultado según las políticas vigentes. | Biblioteca del Museo Franz Mayer (Rogerio Casas-Alatriste) | Biblioteca del Museo Franz Mayer (Rogerio Casas-Alatriste) | 01/12/2008 | A82 | NE1030 .H57 1893 (A82) | 2634 | 22/03/2019 | 22/03/2019 | Libros |